Integrita povrchu matovaním a plošným kalibrovaním : Diplomová práca

Gespeichert in:
Bibliographische Detailangaben
1. Verfasser: Csanda, Ladislav (Verfasst von)
Weitere Verfasser: Polák, Karol, 1932- (xxx)
Format: Manuskript Buch
Sprache:Slowakisch
Veröffentlicht: Trnava : STU v Bratislave MtF KTv, 2006
Schlagworte:
Tags: Tag hinzufügen
Keine Tags, Fügen Sie das erste Tag hinzu!

MARC

LEADER 00000ntm a22000003a 4500
001 stu121558
005 20160719155530.8
008 060621s2006----xo------------------slo-d
040 |a STU  |b slo 
041 0 |a slo 
044 |a xo 
100 1 |a Csanda, Ladislav  |4 aut 
245 1 |a Integrita povrchu matovaním a plošným kalibrovaním :  |b Diplomová práca 
260 |a Trnava :  |b STU v Bratislave MtF KTv,  |c 2006 
300 |a 79 s  |c príl., 1 CD 
650 7 |a technológie strojárskej výroby  |2 stusub 
650 7 |a tvárnenie  |2 stusub 
650 7 |a kalibrovanie  |2 stusub 
650 7 |a matovanie  |2 stusub 
700 1 |a Polák, Karol,  |d 1932-  |4 xxx  |u M150  |U MTF Ústav výrobných technológií  |T MTF Katedra tvárnenia  |X 3620  |U M150  |Y M150  |7 A000003620 
996 |b 284M073491  |c M*DP-6075  |l MMSKP  |s P  |a 0  |w stu121558_0001